000
00309nam a2200097 a 4500
005
20200929151539.0
008
090728s2002 000 spa d
245
0
_a
Delitos relacionados con el sistema informatico y la red cibernetica limitaciones del sistema.
260
_a
Santo Domingo,
_c
2002.
999
_c
4768
_d
4768
040
_a
DO-SdBNP